10 бесед с аспирантом. Подготовка к защите диссертации: учебно-методическое пособие

書誌詳細
第一著者: Гальянов А. В. Алексей Владимирович
要約:Приводятся методические основы и рекомендации на весь период подготовки диссертационной работы от начала до ее защиты. Для аспирантов и соискателей, работающих над диссертационными работами.
言語:ロシア語
出版事項: Москва, Инфра-Инженерия, 2022
主題:
フォーマット: MixedMaterials 図書
KOHA link:https://koha.lib.tpu.ru/cgi-bin/koha/opac-detail.pl?biblionumber=347411

MARC

LEADER 00000nam0a2200000 4500
001 347411
005 20231102010008.0
010 |a 9785972908530 
035 |a (RuTPU)RU\TPU\book\379304 
090 |a 347411 
100 |a 20220404d2022 m y0rusy50 ca 
101 0 |a rus 
102 |a RU 
105 |a y j 001zy 
200 1 |a 10 бесед с аспирантом. Подготовка к защите диссертации  |e учебно-методическое пособие  |f А. В. Гальянов 
210 |a Москва  |a Вологда  |c Инфра-Инженерия  |d 2022 
215 |a 124 с. 
320 |a Словарь ключевых слов и понятий: с. 118-122 
320 |a Библиогр.: с. 123 
330 |a Приводятся методические основы и рекомендации на весь период подготовки диссертационной работы от начала до ее защиты. Для аспирантов и соискателей, работающих над диссертационными работами. 
606 1 |a Диссертации  |x Подготовка  |x Защита  |2 stltpush  |3 (RuTPU)RU\TPU\subj\68871  |9 83970 
606 1 |a Аспиранты  |x Подготовка  |2 stltpush  |3 (RuTPU)RU\TPU\subj\71610  |9 85436 
610 1 |a высшее образование 
610 1 |a аспирантура 
610 1 |a научные работы 
610 1 |a аттестация 
610 1 |a научные исследования 
610 1 |a подготовка 
610 1 |a защита 
610 1 |a библиография 
610 1 |a научные кадры 
610 1 |a научно-методические пособия 
686 |a Ч215.7я7  |v LBC/SL-A  |2 rubbk 
686 |a Ч216(2)24я7  |v LBC/SL-A  |2 rubbk 
700 1 |a Гальянов  |b А. В.  |g Алексей Владимирович 
801 1 |a RU  |b 63413507  |c 20220404 
801 2 |a RU  |b 63413507  |c 20220602  |g RCR 
942 |c BK 
959 |a 5/20220404  |d 1  |e 520,00  |f ЧЗТЛ:1